000
00224 a2200109 4500
001
8909
082
_a
370.7 AND
090
_c
7098
_d
7098
100
_a
Anderson M H
245
_a
Teaching apprentices
_h
English
260
_b
A T S
_a
1949
942
_a
NUST-CAE
999
_c
243982
_d
243982